Beyond imagined communities: Reading and writing the nation in nineteenth century Latin America /
Uloženo v:
| Hlavní autor: | |
|---|---|
| Další autoři: | |
| Médium: | Text |
| Vydáno: |
Washington:
Woodrow Wilson Center Press
|
| Témata: | |
| Tagy: |
Přidat tag
Žádné tagy, Buďte první, kdo vytvoří štítek k tomuto záznamu!
|
MARC
| LEADER | 00000 a a2200000 04500 | ||
|---|---|---|---|
| 001 | 31670 | ||
| 003 | |||
| 040 | |||
| 020 | |a 0-8018-7853-5 | ||
| 090 | |a 199002 | ||
| 100 | |a Castro - Klarén, Sara | ||
| 245 | |a Beyond imagined communities: Reading and writing the nation in nineteenth century Latin America / |c Sara Castro - Klarén | ||
| 260 | |a Washington: |b Woodrow Wilson Center Press | ||
| 300 | |a 251 p. | ||
| 650 | |a COLONIAS | ||
| 650 | |a COMUNICACION SOCIAL | ||
| 650 | |a ESCRITURA | ||
| 650 | |a PODER POLITICO | ||
| 650 | |a MONARQUIA | ||
| 650 | |a ESTADO NACION | ||
| 650 | |a IDENTIDAD NACIONAL | ||
| 650 | |a MILITARISMO | ||
| 650 | |a RELIGION | ||
| 650 | |a AMERICA LATINA | ||
| 700 | |a ed. |a Chasteen, John Charles |a ed. | ||
| 999 | |c 16376 |d 16376 | ||



